000 00892nam a22002055i 4500
001 156157
003 ES-MaACL
005 20251011165008.0
008 020417s1887 sp |||| | spa d
040 _aCAM
_bspa
_cCAM
100 1 _aJackson Veyán, José.
_965824
245 1 0 _aAire colado
_b: humorada cómico-lírica en un acto y en verso /
_clibro de José Jackson Veyan; música del maestro Nieto.
260 _aMadrid :
_b[s.n.],
_c1887 (
_fEstablecimiento tipográfico de M.P. Montoya y compañía)
300 _a30 p. ;
_c20 cm.
500 1 _aRepresentada en el Teatro de la Princesa el 12 de febrero de 1887.
596 1 _aEn verso de la port. consta: "... Biblioteca Lírico Dramática de Enrique Arregui ..."
700 1 1 _aNieto, Manuel,
_d1844-1915
_emús.
_9130485
852 _aES-MaACL
_jF-4093(9)
_z-- Enc. hol.
_q-- Falto de la cub. original
999 _c156157
_d156157